Les fameuses couvertures - Statistiques

Statistiques générales
  • Ce quiz a été pris 11 fois
  • Le résultat moyen est 10 sur 24
Statistiques - réponses
Par images Réponse % Correct
Les Éditions de Minuit
88%
Éditions de l'Olivier
75%
Folio
75%
Éditions P.O.L
63%
Éditions Zulma
63%
La Fabrique éditions
63%
Éditions Divergences
50%
Grasset
50%
L'arbre qui marche collection Premier Voyage
50%
Points Féministe
50%
Blast
38%
Éditions Les Léonides
38%
Éditions Libertalia
38%
Gallimard collection Du monde entier
38%
Gallimard collection Blanche
25%
Le Passager Clandestin - Dyschroniques
25%
PAL Éditions
25%
Seuil collection Anthropocène
25%
Seuil Libelle
25%
10/18 Society collection True Crime
13%
Le Bélial' éditions - Une Heure Lumière
13%
Le Nouvel Attila
13%
L'Harmattan - Bibliothèque du Féminisme
13%
Seuil roman collection Cadre rouge
13%
Aucun quiz correspondant
Distribution des résultats
% des personnes avec chaque résultat
Percentile par nombre de réponses
Votre historique - résultats
Vous n’avez pas pris ce quiz